[Event "Latin Cup"]
[Site "Montevideo"]
[Date "2011.11.05"]
[Round "7"]
[White "Homrich Moritz, Diego"]
[Black "Ibanez Iglesias, Marcelo"]
[Result "1/2-1/2"]
[WhiteElo "1793"]
[BlackElo "1854"]
[PlyCount "65"]
[EventDate "2011.11.01"]
[EventType "swiss"]
[EventRounds "9"]
[EventCountry "URU"]
[SourceTitle "EXT 2012"]
[Source "ChessBase"]
[SourceDate "2011.11.24"]
[SourceVersion "1"]
[SourceVersionDate "2011.11.24"]
[SourceQuality "1"]

1. d4 Nf6 2. Nf3 g6 3. c4 Bg7 4. Nc3 0-0 5. e4 d6 6. Be2 Nbd7 7. 0-0 Re8 8. Qc2 e5 9. d5 c6 10. dxc6 bxc6 11. Rd1 Qc7 12. Qd3 d5 13. cxd5 cxd5 14. Nxd5 Nxd5 15. Qxd5 Rb8 16. b3 Nf6 17. Qc4 Qxc4 18. Bxc4 Nxe4 19. Bb2 Bg4 20. h3 Bxf3 21. gxf3 Ng5 22. Rd7 e4 23. Bxg7 Kxg7 24. fxe4 Rxe4 25. Kg2 Rb6 26. f3 Rf4 27. Rf1 a6 28. Kg3 Rff6 29. h4 Ne6 30. Re1 h5 31. Re5 Kf8 32. Ra5 Ke8 33. Ra7 1/2-1/2

[Event "Latin Cup"]
[Site "Montevideo"]
[Date "2011.11.01"]
[Round "1"]
[White "Homrich Moritz, Diego"]
[Black "Magaldi, Nelson"]
[Result "0-1"]
[WhiteElo "1793"]
[BlackElo "2123"]
[PlyCount "70"]
[EventDate "2011.11.01"]
[EventType "swiss"]
[EventRounds "9"]
[EventCountry "URU"]
[SourceTitle "EXT 2012"]
[Source "ChessBase"]
[SourceDate "2011.11.24"]
[SourceVersion "1"]
[SourceVersionDate "2011.11.24"]
[SourceQuality "1"]

1. d4 d5 2. Nf3 Nf6 3. e3 e6 4. Bd3 c5 5. b3 cxd4 6. exd4 Be7 7. Nbd2 0-0 8. 0-0 Nc6 9. Bb2 Qb6 10. a3 a5 11. Re1 Bd7 12. Qe2 a4 13. b4 Rfe8 14. Rac1 Rac8 15. c4 dxc4 16. Nxc4 Qa7 17. b5 Na5 18. b6 Qa8 19. Nfe5 Nxc4 20. Bxc4 Bd6 21. Nxd7 Nxd7 22. Bb5 Rxc1 23. Rxc1 Re7 24. Bxd7 Rxd7 25. Qb5 Rd8 26. Rc4 Qb8 27. h3 Rc8 28. Rxa4 Bh2+ 29. Kf1 Rc2 30. d5 exd5 31. g3 h5 32. Rb4 Bxg3 33. fxg3 Qxg3 34. Qe8+ Kh7 35. Qxf7 Qg2+ 0-1